000 00810nam a22002417a 4500
999 _c5513
_d5513
003 AR-CdUCM
008 190312b ||||| |||| 00| 0 spa d
020 _a84-271-0614-9
040 _aMUNICIPALIDAD PROVINCIAL DEL CUSCO
_cBIBLIOTECA MUNICIPAL DEL CUSCO
082 _2104ed.
_a150 /
_bN25
100 _aNarciso Irala, S. J.
_916531
245 _aControl Cerebral y Emocional :
_bManual práctico de felicidad y salud /
260 _aBilbao :
_bMensajero ;
_c1978.
300 _a288 páginas ;
_c18cm
505 _aContenido: La felicidad y sus mecanismos psíquicos -- Reeducación y aplicaciones
650 _aFelicidad
_92982
650 _aReceptividad
_916532
650 _aEmisividad
_916533
650 _aEmociones
_916534
650 _aGobernar
_916535
942 _2ddc
_cLIBROS
945 _anom